Science Quiz

Random Science or Computer Quiz
Score 0/4 Timer 07:00
0 Plays Today
Question Answer Wrong Answers
Does abstract data involve coding? Yes
91.7%
No
0%
Which of the following is NOT a form/basic of abstract data structure? Color abstract data structure
75%
List abstract data structure
8.3%
Queue abstract data structure
8.3%
Stack abstract data structure
8.3%
What is abstract data structure? A class that structures objects with different behaviors defined by different values.
66.7%
A structure combining parts of a computer to create a computer.
8.3%
A class with values defined by behaviour.
25%
Abstract pieces of data including images and shapes, which are merged together to create one image.
0%
Is the purpose of abstract data structure to organize pieces of information to ensure that they can easily be found or to structure pieces of data to hide them within your system, only allowing people with private information to access it? To organize data and help find it easily.
58.3%
To hide things from certain people except those who have information to access the data.
33.3%
Remove Ads.
Support Sporcle.
Get the best of Sporcle when you Go Orange. This ad-free experience offers more features, more stats, and more fun while also helping to support Sporcle. Thank you for becoming a member.

You're not logged in!

Compare scores with friends on all Sporcle quizzes.
OR
Log In

Show Comments

Extras

Top Quizzes Today


Score Distribution

Your Account Isn't Verified!

In order to create a playlist on Sporcle, you need to verify the email address you used during registration. Go to your Sporcle Settings to finish the process.

Report this User

Report this user for behavior that violates our Community Guidelines.

Details: